00293 a2200109 4500001000700000020000600007040001100013100003500024240006000059245005500119362000900174164451 a  cMagnum aSilva, Laura Belluzo de Campos10aA escolha da profissao: uma abordagem psicossociallpor10aA escolha da profissao: uma abordagem psicossocial0 a1899